Análisis de estrategias ganaderas en el Sudoeste Bonaerense : un estudio de caso /

Guardado en:
Autor Principal: Pattuglio, Emiliano Gastón.
Autor Corporativo: Universidad Nacional del Sur. Departamento de Agronomía.
Otros Autores: Chimeno, Patricia del Valle, (tutor.)
Formato: Libro
Idioma:Spanish
Publicado: Bahía Blanca, 2015.
Etiquetas: Agregar Etiqueta
Sin Etiquetas, Sea el primero en etiquetar este registro!
LEADER 00743nam a22001695a 4500
001 EEA.libagro010481
005 20181011113014.0
008 150824s2015####ag############000#0#spa#d
082 0 4 |a 636.2 
100 1 |a Pattuglio, Emiliano Gastón. 
245 1 0 |a Análisis de estrategias ganaderas en el Sudoeste Bonaerense :  |b un estudio de caso /  |c Emiliano Gastón Pattuglio. 
260 |a Bahía Blanca,  |c 2015. 
300 |a 38 h. :  |b il. col. ;  |c 30 cm. 
500 |a Trabajo de intensificación (Ingeniero Agrónomo) -- Universidad Nacional del Sur. Departamento de Agronomía, 2015. 
700 1 |a Chimeno, Patricia del Valle,  |e tutor. 
710 2 |a Universidad Nacional del Sur.  |b Departamento de Agronomía. 
859 |a AR-BbBCA  |b BIB. AGRONOMIA  |h 636.2  |i P322  |p 2015/6568